The development of English thought ; a study in the economic interpretation of history /

Bibliographic Details
Main Author: Patten, Simon N. (Simon Nelson), 1852-1922
Format: Book
Language:English
Published: New York : London : The Macmillan company; Macmillan & co., ltd., 1899.
Subjects:

MARC

Tag First Indicator Second Indicator Subfields
LEADER 00000cam a2200000 4500
001 in00000688921
005 20151222091339.0
008 760329s1899 nyu 00000 eng
010 |a  99000832  
035 |a (OCoLC)02077642 
035 |9 ADA5741AM 
040 |a DLC  |c DGW  |d DGW  |d TXA  |d UtOrBLW 
049 |a TXAM  |c [222720] 
050 0 0 |a HM22.G7  |b P3 
092 |a 914.2  |b P316d 
100 1 |a Patten, Simon N.  |q (Simon Nelson),  |d 1852-1922. 
245 1 4 |a The development of English thought ;  |b a study in the economic interpretation of history /  |c by Simon N. Patten. 
264 1 |a New York :  |b The Macmillan company;  |a London :  |b Macmillan & co., ltd.,  |c 1899. 
300 |a xxvii, 415 pages ;  |c 23 cm. 
336 |a text  |b txt  |2 rdacontent 
337 |a unmediated  |b n  |2 rdamedia 
338 |a volume  |b nc  |2 rdacarrier 
650 0 |a History  |x Philosophy. 
650 0 |a Economics  |x History  |z Great Britain. 
650 0 |a Sociology  |x History. 
651 0 |a Great Britain  |x Civilization. 
999 |a MARS 
999 f f |s 7c48bd94-51a6-37ce-93e3-8b610869192c  |i bcd32555-dfeb-34fe-9e46-66761999d40c  |t 0 
952 f f |p ric  |a Texas A&M University  |b Rellis Campus  |c Joint Library Facility  |d Remote Storage  |t 0  |e HM22.G7 P3  |h Library of Congress classification  |i unmediated -- volume  |m A14826706930 
998 f f |a HM22.G7 P3  |t 0  |l Remote Storage